000 01303cam a2200361 a 4500
001 EDZ0000159521
003 StDuBDS
005 20161031105250.0
006 m||||||||d||||||||
007 cr |||||||||||
008 130912s1997 cau fo| 001|0|eng d
020 _a9781483327808 (ebook) :
_cNo price
040 _aStDuBDS
_beng
_cStDuBDS
_epn
049 _aAlfaisal Main Library
050 0 _aJS78
_b.R43 1997
082 0 4 _a320.85
_223
245 0 0 _aReconstructing urban regime theory
_h[electronic resource] :
_bregulating urban politics in a global economy /
_cedited by Mickey Lauria.
260 _aThousand Oaks, Calif. :
_bSAGE,
_cc1997.
300 _a1 online resource (ix, 278 p.)
504 _aIncludes bibliographical references and index.
521 _aSpecialized.
588 _aDescription based on print version record.
650 0 _aMunicipal government.
650 0 _aMunicipal government
_zUnited States.
650 0 _aLocal government.
650 0 _aLocal government
_zUnited States.
655 7 _aElectronic books.
_2local
700 1 _aLauria, Mickey.
710 2 _aSage eBooks
776 0 8 _iPrint version :
_z9780761901501
856 4 0 _uhttp://ezproxy.alfaisal.edu/login?url=http://sk.sagepub.com/books/reconstructing-urban-regime-theory
942 _2lcc
_cEBOOKS
999 _c483045
_d483045